Śākyamuni. (Record no. 55791)

MARC details
000 -LEADER
fixed length control field 00603cam a22002411 4500
001 - CONTROL NUMBER
control field sa 63004671
003 - CONTROL NUMBER IDENTIFIER
control field DLC
005 - DATE AND TIME OF LATEST TRANSACTION
control field 20260227111950.0
008 - FIXED-LENGTH DATA ELEMENTS--GENERAL INFORMATION
fixed length control field 940616s1962 ii 000 0 telo
010 ## - LIBRARY OF CONGRESS CONTROL NUMBER
LC control number sa 63004671
025 ## - OVERSEAS ACQUISITION NUMBER
Overseas acquisition number PL480:I-Te-151
035 ## - SYSTEM CONTROL NUMBER
System control number (OCoLC)30618457
040 ## - CATALOGING SOURCE
Original cataloging agency DLC
Transcribing agency CU
Modifying agency CU
-- DLC
042 ## - AUTHENTICATION CODE
Authentication code premarc
050 00 - LIBRARY OF CONGRESS CALL NUMBER
Classification number PL4780.9.R32
Item number S3
100 1# - MAIN ENTRY--PERSONAL NAME
Personal name Rāmārāvu, Paḍāla,
Dates associated with a name 1924-
245 10 - TITLE STATEMENT
Title Śākyamuni.
260 ## - PUBLICATION, DISTRIBUTION, ETC.
Date of publication, distribution, etc. [1962]
300 ## - PHYSICAL DESCRIPTION
Extent 243 p.
Dimensions 16 cm.
440 #0 - SERIES STATEMENT/ADDED ENTRY--TITLE
Title M. V. S. publications ;
Volume/sequential designation 401
500 ## - GENERAL NOTE
General note In Telugu.
600 00 - SUBJECT ADDED ENTRY--PERSONAL NAME
Personal name Gautama Buddha
Form subdivision Fiction.

No items available.

Powered by Koha